Doing business tax-free : Perfectly legal techniques to reduce or eliminate your federal business taxes

Uloženo v:
Podrobná bibliografie
Hlavní autor:  Cooke, Robert A
Médium: Sách
Jazyk:Undetermined
Vydáno:  John Wiley & Sons  2001
Témata:
Tagy: Přidat tag
Žádné tagy, Buďte první, kdo otaguje tento záznam!
Thư viện lưu trữ: Trung tâm Thư viện - Trường Đại học Công nghiệp TP. Hồ Chí Minh
LEADER 00550nam a2200157Ia 4500
001 UIH_04448
008 231011s9999 xx 000 0 und d
082 |a  343.06 
100 |a  Cooke, Robert A 
245 0 |a  Doing business tax-free : Perfectly legal techniques to reduce or eliminate your federal business taxes 
245 0 |c  Cooke, Robert A 
260 |b  John Wiley & Sons 
260 |c  2001 
650 |a  Thuế kinh doanh;  
927 |a Sách 
980 |a Trung tâm Thư viện - Trường Đại học Công nghiệp TP. Hồ Chí Minh